| 000 | 02818cam a22003494a 4500 | ||
|---|---|---|---|
| 999 |
_c21097 _d21097 |
||
| 001 | 14356552 | ||
| 003 | OSt | ||
| 005 | 20200615131140.0 | ||
| 008 | 060427s2006 ii a b 001 0deng | ||
| 010 | _a 2006014024 | ||
| 020 | _a0761935061 (pbk.) | ||
| 035 | _a(OCoLC)ocm68221039 | ||
| 040 |
_aDLC _coclc _dBAKER _dBWKUK _dYDXCP _dOCLCQ _dDLC |
||
| 042 | _apcc | ||
| 050 | 0 | 0 |
_aJZ1318 _b.G578624 2006 |
| 082 | 0 | 0 |
_a303.482 _bDAS/G |
| 100 |
_92904 _aDasgupta, Samir |
||
| 245 | 0 | 0 |
_aGlobalization and After / _c Samir Dasgupta ; Ray Kiely |
| 260 |
_aNew Delhi ; _aThousand Oaks, Calif. ; _aLondon : _bSage Publications, _c2006. |
||
| 300 |
_a443 p. : _bill. ; _c22 cm. |
||
| 504 | _aIncludes bibliographical references and index. | ||
| 505 | 0 | _aPrologue : the turning of the tide / Barry K. Gills -- Introduction / Samir Dasgupta and Ray Kiely -- Globalization or the age of transition? : a long-term view of the trajectory of the world-system / Immanuel Wallerstein -- Neoliberal globalization / Jan Nederveen Pieterse -- Business as usual or radical shift? : theorizing the relationship between US hegemony and globalization / Ray Kiely -- The future of globalization / Manfred B. Steger -- Globalization : whose benefit anyway? / Abbas Mehdi -- Globalization and its future shock / Samir Dasgupta -- Global environmental crisis and ecological futures / Sing C. Chew -- Art, Mcdonaldization, and the globalization of nothing / George Ritzer -- The impact of globalization on local communities / Robyn Bateman Driskell -- Globalization and after? : continuity and change in the politics of securitization and responsibility / Jarrod Wiener and Jessica Young -- Capitalist globalization and the anti-globalization movement / Leslie Sklair -- Social movements in a globalized world / Elvira del Pozo Aviñó -- The effects of global economic expansion on organized resistance / Ernest M. De Zolt -- Division and dissent in the anti-globalization movement / Tomás Mac Sheoin and Nicola Yeates -- New labour protest movements in Hong Kong : the experience of student-worker mutual aid campaign / Kaxton Yu-Kwan Siu -- Globalization and new social movements : lessons from South Asia / Ponna Wignaraja. | |
| 650 | 0 |
_aGlobalization _xSocial aspects. |
|
| 650 | 0 | _aAnti-globalization movement. | |
| 700 | 1 |
_aDasgupta, Samir, _d1949- |
|
| 700 | 1 |
_aKiely, Ray, _d1964- |
|
| 856 | 4 | 2 |
_3Publisher description _uhttp://www.loc.gov/catdir/enhancements/fy0660/2006014024-d.html |
| 856 | 4 | 1 |
_3Table of contents only _uhttp://www.loc.gov/catdir/enhancements/fy0660/2006014024-t.html |
| 906 |
_a7 _bcbc _corignew _d1 _eecip _f20 _gy-gencatlg |
||
| 942 |
_2ddc _cBK _h303.482 _iDAS/G _k303.482 _mDAS/G |
||